01208cam a2200289 a 450000100100000000500170001000800410002704000250006808200180009310000320011124501640014326000450030730000210035249000230037365100550039660000480045160000380049960000360053765000490057365000440062270000320066670000270069870000280072583000290075395201210078299900150090300000282020200929150250.0871005s1986 nq 000 1 spa  aDO-SdBNPbspacBNPHU a972.85bI624s1 aInvernizzi, Gabriele,9891410aSandinistas :bentrevistas a Humberto Ortega Saavedra, Jaime Wheelock Román y Bayardo Arce Castaño /cGabriele Invernizzi, Francis Pisani, Jesús Ceberio. aManagua, Nicaragua :bVanguardia,c1986. a258 p. ;c20 cm.1 aCoyuntura ;vno. 1 4aNicaraguaxPolítica Y Gobiernoy1979-1990.9891514aORTEGA SAAVEDRA, HUMBERTOxENTREVISTA9891614aWHEELOCK, JAIMExENTREVISTA9891714aARCE, BAYARDOxENTREVISTA98918 4aRevolucionarioszNicaraguaxEntrevista98919 4aEstadistaszNicaraguaxEntrevista989201 aInvernizzi, Gabriele.989141 aPisani, Francis.989211 aCeberio, Jesús.98922 0aCoyuntura ;vno. 198923 001052708MOaGRbGRcCTd2009-07-03iLF1l0o972.85 I624sp2820-10r2020-06-25w2020-06-25y2ZPréstamo interno c2654d2654